00493nam a2200145Ia 4500008004100000041000800041082001600049100001900065245003300084260004300117300003300160365000900193999001500202952013000217240624s9999 xx 000 0 und d aeng a338.762 SLO aSLOAN ALFRED P aMY YEARS WITH GENERAL MOTORS c1990aNew YorkbCurrency and Doubleday axxiii, : 472 : p. : cm. ; 23 cb20 c7294d7294 00104070aIMTNbIMTNcRack 13-Ad2007-11-02eWBDg17.50n597o338.762 SLOp7294r2024-06-24 00:00:00t39.45w2024-06-24yBK